[Event "Aragon-chT Honor Gr I"]
[Site "Aragon"]
[Date "2022.02.26"]
[Round "5.7"]
[White "Hernando Garcia, Antonio"]
[Black "Navarro Alonso, Jorge Luis"]
[Result "1/2-1/2"]
[WhiteElo "2133"]
[BlackElo "2199"]
[PlyCount "46"]
[EventDate "2022.01.29"]
[EventType "team-tourn"]
[EventRounds "7"]
[EventCountry "ESP"]
[SourceTitle "EXT 2024"]
[Source "ChessBase"]
[SourceDate "2023.10.10"]
[SourceVersion "1"]
[SourceVersionDate "2023.10.10"]
[SourceQuality "1"]
[WhiteTeam "El Olivar"]
[BlackTeam "Helios"]
[WhiteTeamCountry "ESP"]
[BlackTeamCountry "ESP"]

1. c4 e5 2. g3 d6 3. Bg2 c5 4. Nc3 Nc6 5. Nf3 g6 6. 0-0 Bg7 7. a3 Nge7 8. Rb1 a5 9. Ne1 0-0 10. Nc2 Be6 11. Ne3 Rb8 12. d3 Nd4 13. Bd2 b5 14. Nxb5 Nxb5 15. cxb5 Rxb5 16. b4 axb4 17. axb4 cxb4 18. Bxb4 Qb6 19. Ba3 Rd8 20. Rxb5 Qxb5 21. Qb1 Qa6 22. Bb2 Rb8 23. Qa1 Qb6 1/2-1/2

[Event "Aragon-chT Honor Gr I"]
[Site "Aragon"]
[Date "2022.02.05"]
[Round "2.27"]
[White "Olivan Blasco, Leonardo"]
[Black "Hernando Garcia, Antonio"]
[Result "0-1"]
[WhiteElo "1400"]
[BlackElo "2133"]
[PlyCount "54"]
[EventDate "2022.01.29"]
[EventType "team-tourn"]
[EventRounds "7"]
[EventCountry "ESP"]
[SourceTitle "EXT 2024"]
[Source "ChessBase"]
[SourceDate "2023.10.10"]
[SourceVersion "1"]
[SourceVersionDate "2023.10.10"]
[SourceQuality "1"]
[WhiteTeam "Utebo San Lamberto"]
[BlackTeam "El Olivar"]
[WhiteTeamCountry "ESP"]
[BlackTeamCountry "ESP"]

1. e4 d5 2. exd5 Qxd5 3. Nc3 Qd8 4. d4 c6 5. Bc4 Nf6 6. Bg5 Bg4 7. Be2 Bxe2 8. Ngxe2 e6 9. 0-0 Nbd7 10. f4 g6 11. Ng3 h6 12. Bh4 Be7 13. Nce4 0-0 14. Qe2 Nxe4 15. Bxe7 Nxg3 16. hxg3 Qxe7 17. Kf2 Qf6 18. c3 h5 19. Rh1 Qf5 20. Rh3 Nf6 21. Rah1 Qe4 22. Qd2 Ng4+ 23. Kf1 Qe3 24. Qc2 Rad8 25. b4 a5 26. a3 axb4 27. cxb4 Rxd4 0-1

[Event "Aragon-chT Honor Gr II"]
[Site "Aragon"]
[Date "2021.03.20"]
[Round "2.23"]
[White "Rodriguez Aranda, Kevin"]
[Black "Hernando Garcia, Antonio"]
[Result "0-1"]
[WhiteElo "1793"]
[BlackElo "2097"]
[PlyCount "64"]
[EventDate "2021.03.13"]
[EventType "team-tourn"]
[EventRounds "7"]
[EventCountry "ESP"]
[SourceTitle "EXT 2024"]
[Source "ChessBase"]
[SourceDate "2023.10.10"]
[SourceVersion "1"]
[SourceVersionDate "2023.10.10"]
[SourceQuality "1"]
[WhiteTeam "Monzon"]
[BlackTeam "El Olivar"]
[WhiteTeamCountry "ESP"]
[BlackTeamCountry "ESP"]

1. e4 d5 2. exd5 Qxd5 3. Nc3 Qd8 4. Bc4 c6 5. d4 Nf6 6. Nge2 Bf5 7. 0-0 e6 8. Ng3 Bg6 9. f4 Be7 10. f5 exf5 11. Nxf5 0-0 12. Bg5 Nbd7 13. Qe2 Re8 14. Rae1 Bb4 15. Qf3 Rxe1 16. Rxe1 Qa5 17. Nh6+ gxh6 18. Bxf6 Bxc3 19. bxc3 Nxf6 20. Qxf6 Qxc3 21. Qf1 Qxd4+ 22. Kh1 b5 23. Bb3 a5 24. Re7 Rf8 25. c4 a4 26. cxb5 axb3 27. bxc6 bxa2 28. Re1 Bb1 29. c7 a1Q 30. Qxf7+ Kxf7 31. Rf1+ Kg7 32. Rxf8 Qd1+ 0-1

[Event "Aragon-chT Honor Gr II"]
[Site "Aragon"]
[Date "2021.03.13"]
[Round "1.7"]
[White "Hernando Garcia, Antonio"]
[Black "Bayo Milagro, Alvaro"]
[Result "0-1"]
[WhiteElo "2097"]
[BlackElo "2257"]
[PlyCount "68"]
[EventDate "2021.03.13"]
[EventType "team-tourn"]
[EventRounds "7"]
[EventCountry "ESP"]
[SourceTitle "EXT 2024"]
[Source "ChessBase"]
[SourceDate "2023.10.10"]
[SourceVersion "1"]
[SourceVersionDate "2023.10.10"]
[SourceQuality "1"]
[WhiteTeam "El Olivar"]
[BlackTeam "Casablanca MyInvestor"]
[WhiteTeamCountry "ESP"]
[BlackTeamCountry "ESP"]

1. Nf3 d5 2. c4 e6 3. cxd5 exd5 4. d4 Bd6 5. Nc3 c6 6. Bg5 Ne7 7. e3 Bf5 8. Bd3 f6 9. Bh4 Nd7 10. Bg3 Nb6 11. Bxd6 Qxd6 12. Bxf5 Nxf5 13. 0-0 0-0 14. Nd2 Qe7 15. Re1 Rfe8 16. Rc1 Nd6 17. b3 Qf7 18. Ne2 Nd7 19. Nf4 Re7 20. Nd3 g5 21. Nc5 Rae8 22. Nxd7 Rxd7 23. h4 h6 24. hxg5 hxg5 25. Qg4 Qh7 26. Nf1 Re4 27. Qf3 Rh4 28. Ng3 Ne4 29. Red1 f5 30. Kf1 f4 31. Ne2 Rf7 32. exf4 Rh1+ 33. Ng1 Rxf4 34. Qe3 Qh2 0-1

[Event "Aragon-chT Honor Gr-A"]
[Site "Aragon"]
[Date "2019.02.23"]
[Round "5.19"]
[White "Gella Lopez, Angel"]
[Black "Hernando Garcia, Antonio"]
[Result "1/2-1/2"]
[WhiteElo "2100"]
[BlackElo "2139"]
[PlyCount "83"]
[EventDate "2019.01.26"]
[EventType "team-tourn"]
[EventRounds "7"]
[EventCountry "ESP"]
[SourceTitle "EXT 2020"]
[Source "ChessBase"]
[SourceDate "2019.10.17"]
[SourceVersion "1"]
[SourceVersionDate "2019.10.17"]
[SourceQuality "1"]
[WhiteTeam "Huesca Club Atletismo"]
[BlackTeam "El Olivar"]
[WhiteTeamCountry "ESP"]
[BlackTeamCountry "ESP"]

1. e4 d5 2. exd5 Qxd5 3. Nc3 Qd8 4. d4 c6 5. Nf3 Bg4 6. Be2 Bxf3 7. Bxf3 e6 8. 0-0 Nf6 9. Re1 Be7 10. Qd3 Nbd7 11. Bf4 0-0 12. Rad1 Rc8 13. Ne4 Nxe4 14. Qxe4 Re8 15. c4 Nf6 16. Qb1 h6 17. b4 Bd6 18. Be5 b5 19. cxb5 cxb5 20. a3 Nd5 21. Bxd5 exd5 22. Qf5 f6 23. Bxd6 Qxd6 24. Qg6 Qd7 25. h4 Kf8 26. g4 Rxe1+ 27. Rxe1 Rc4 28. Rd1 Qe6 29. Kg2 Qe4+ 30. Qxe4 dxe4 31. Kg3 Rc3+ 32. Kf4 Ke7 33. Kxe4 Rxa3 34. Kd5 Kd7 35. Rd2 a6 36. h5 Rc3 37. Ra2 Rc6 38. Re2 Rd6+ 39. Kc5 Rc6+ 40. Kd5 Rd6+ 41. Kc5 Rc6+ 42. Kd5 1/2-1/2

[Event "Aragon-chT Honor Gr I"]
[Site "Aragon"]
[Date "2018.02.03"]
[Round "2.28"]
[White "Hernando Garcia, Antonio"]
[Black "Llanes Luno, Pedro Alfredo"]
[Result "1-0"]
[WhiteElo "2158"]
[BlackElo "2032"]
[PlyCount "59"]
[EventDate "2018.01.27"]
[EventType "team-tourn"]
[EventRounds "7"]
[EventCountry "ESP"]
[SourceTitle "EXT 2019"]
[Source "ChessBase"]
[SourceDate "2018.10.10"]
[SourceVersion "1"]
[SourceVersionDate "2018.10.10"]
[SourceQuality "1"]
[WhiteTeam "El Olivar"]
[BlackTeam "Delicias"]
[WhiteTeamCountry "ESP"]
[BlackTeamCountry "ESP"]

1. Nf3 Nf6 2. c4 g6 3. Nc3 d6 4. g3 Bg7 5. Bg2 0-0 6. 0-0 e5 7. Rb1 h6 8. d3 Nc6 9. b4 Ne7 10. a4 Be6 11. Qb3 Qd7 12. Rd1 c6 13. b5 c5 14. Ne1 Bh3 15. Bh1 Ng4 16. Nc2 f5 17. f3 f4 18. Ne4 Nf6 19. gxf4 Nxe4 20. dxe4 exf4 21. Bb2 Qe6 22. Bxg7 Kxg7 23. Qc3+ Kh7 24. Rd3 Rae8 25. Kf2 Nf5 26. Ke1 Ne7 27. Rbd1 Nc8 28. a5 Qf7 29. Kd2 Be6 30. Na3 1-0

[Event "Estadilla op 30th rapid"]
[Site "Estadilla"]
[Date "2016.05.22"]
[Round "5"]
[White "Hernando Garcia, Antonio"]
[Black "Lana Rodriguez, David"]
[Result "1-0"]
[WhiteElo "2179"]
[BlackElo "2265"]
[PlyCount "89"]
[EventDate "2016.05.22"]
[EventType "swiss (rapid)"]
[EventRounds "9"]
[EventCountry "ESP"]
[SourceTitle "EXT 2018"]
[Source "ChessBase"]
[SourceDate "2017.10.13"]
[SourceVersion "1"]
[SourceVersionDate "2017.10.13"]
[SourceQuality "1"]

1. c4 e6 2. Nf3 b6 3. g3 Bb7 4. Bg2 g6 5. 0-0 Bg7 6. Nc3 Ne7 7. d4 0-0 8. e4 d6 9. Be3 Nd7 10. Rc1 e5 11. dxe5 Nxe5 12. Nxe5 dxe5 13. Qxd8 Rfxd8 14. Nd5 Bxd5 15. cxd5 Rac8 16. Bh3 f5 17. Bg5 Rd7 18. Bxe7 Rxe7 19. exf5 Rf8 20. fxg6 hxg6 21. Rc6 e4 22. Rxg6 Kh7 23. Re6 Rxe6 24. dxe6 Bxb2 25. Re1 Bd4 26. e7 Re8 27. Rxe4 Bc5 28. Bd7 Rxe7 29. Rxe7+ Bxe7 30. f4 Kg6 31. Kf2 c5 32. Bb5 Bf6 33. g4 Bc3 34. Bd3+ Kf6 35. g5+ Ke6 36. f5+ Ke5 37. Kf3 c4 38. Bxc4 Kxf5 39. h4 Be1 40. Bd3+ Ke6 41. h5 b5 42. Kg4 b4 43. h6 Kf7 44. g6+ Kf6 45. g7 1-0

[Event "Aragon-chT Honor Titulo"]
[Site "Aragon"]
[Date "2015.03.14"]
[Round "8.8"]
[White "Carruez Berges, Santiago"]
[Black "Hernando Garcia, Antonio"]
[Result "0-1"]
[WhiteElo "2084"]
[BlackElo "2176"]
[PlyCount "46"]
[EventDate "2015.02.21"]
[EventType "team-tourn"]
[EventRounds "10"]
[EventCountry "ESP"]
[SourceTitle "EXT 2017"]
[Source "ChessBase"]
[SourceDate "2016.10.25"]
[SourceVersion "1"]
[SourceVersionDate "2016.10.25"]
[SourceQuality "1"]
[WhiteTeam "Agrupacion"]
[BlackTeam "El Olivar"]
[WhiteTeamCountry "ESP"]
[BlackTeamCountry "ESP"]

1. e4 d5 2. exd5 Qxd5 3. Nc3 Qd8 4. d4 c6 5. Bc4 Bf5 6. Nf3 e6 7. Ne5 Nd7 8. Bf4 Nxe5 9. Bxe5 Nf6 10. Qe2 Be7 11. f3 0-0 12. g4 Bg6 13. 0-0-0 Nd5 14. Ne4 b5 15. Bb3 a5 16. a3 a4 17. Bxd5 cxd5 18. Nc5 Qa5 19. Qd2 Qxd2+ 20. Kxd2 Rfc8 21. Nd3 Bg5+ 22. f4 Be7 23. Rdf1 Bxd3 0-1

[Event "Aragon-chT Honor GrB"]
[Site "Aragon"]
[Date "2015.02.14"]
[Round "4.32"]
[White "Hernando Garcia, Antonio"]
[Black "Montes Santos, Lorenzo"]
[Result "1/2-1/2"]
[WhiteElo "2176"]
[BlackElo "2064"]
[PlyCount "108"]
[EventDate "2015.01.24"]
[EventType "team-tourn"]
[EventRounds "7"]
[EventCountry "ESP"]
[SourceTitle "EXT 2017"]
[Source "ChessBase"]
[SourceDate "2016.10.25"]
[SourceVersion "1"]
[SourceVersionDate "2016.10.25"]
[SourceQuality "1"]
[WhiteTeam "El Olivar"]
[BlackTeam "Helios"]
[WhiteTeamCountry "ESP"]
[BlackTeamCountry "ESP"]

1. Nf3 b6 2. g3 Bb7 3. Bg2 Nf6 4. c4 g6 5. Nc3 Bg7 6. 0-0 0-0 7. d4 d6 8. d5 c6 9. Nd4 Qc8 10. Bg5 h6 11. dxc6 Nxc6 12. Nxc6 Bxc6 13. Bxc6 Qxc6 14. Bxf6 Bxf6 15. Nd5 Qxc4 16. Nxf6+ exf6 17. Qxd6 Qxe2 18. Qxf6 Rfe8 19. Rad1 Qe6 20. Qxe6 Rxe6 21. Rfe1 Rae8 22. Kf1 Kg7 23. Rxe6 Rxe6 24. Rd7 a5 25. Rb7 h5 26. h4 Rc6 27. Ke1 Kf6 28. Kd2 Ke6 29. Kd3 f6 30. f3 Kf5 31. Rh7 Rc1 32. Rb7 Rc6 33. Rh7 Rc1 34. Rb7 Rc6 35. a4 g5 36. Rh7 Kg6 37. Rh8 gxh4 38. gxh4 Rc1 39. Rb8 Rh1 40. Rxb6 Rxh4 41. b3 Rh1 42. Kc4 h4 43. Rb8 Kg7 44. Rd8 Rf1 45. Rd4 h3 46. Rg4+ Kf7 47. Rh4 Rxf3 48. b4 axb4 49. Kxb4 Kg6 50. a5 Re3 51. a6 Re7 52. Rxh3 f5 53. Ra3 Ra7 54. Kc5 f4 1/2-1/2

[Event "Aragon-chT Honor GrA"]
[Site "Aragon"]
[Date "2013.03.02"]
[Round "6.11"]
[White "Gella Lopez, Angel"]
[Black "Hernando Garcia, Antonio"]
[Result "1/2-1/2"]
[WhiteElo "2092"]
[BlackElo "2173"]
[PlyCount "77"]
[EventDate "2013.01.26"]
[EventType "team"]
[EventRounds "7"]
[EventCountry "ESP"]
[SourceTitle "EXT 2014"]
[Source "ChessBase"]
[SourceDate "2013.11.20"]
[SourceVersion "1"]
[SourceVersionDate "2013.11.20"]
[SourceQuality "1"]
[WhiteTeam "Huesca Club Atletismo"]
[BlackTeam "El Olivar"]
[WhiteTeamCountry "ESP"]
[BlackTeamCountry "ESP"]

1. d4 d5 2. c4 c6 3. Nf3 Nf6 4. e3 Bf5 5. Nc3 e6 6. Nh4 Bg4 7. Qb3 Qb6 8. h3 Qxb3 9. axb3 Bh5 10. g4 Bg6 11. Nxg6 hxg6 12. Bg2 Nbd7 13. Bd2 a6 14. 0-0 Nb6 15. c5 Nbd7 16. f4 Be7 17. b4 0-0 18. Bf3 Rfc8 19. Kf2 Ne8 20. g5 f5 21. h4 Kf7 22. Rh1 Nc7 23. Rh2 Rh8 24. Rah1 Rh7 25. h5 Rah8 26. hxg6+ Kxg6 27. Rxh7 Rxh7 28. Rxh7 Kxh7 29. Be2 g6 30. Be1 Kg7 31. Nb1 Kf7 32. Nd2 Ke8 33. Nb3 Kd8 34. Nd2 Kc8 35. Nf3 Kb8 36. Nh4 Nf8 37. Nf3 Nd7 38. Nh4 Nf8 39. Nf3 1/2-1/2

[Event "Aragon-chT Honor GrA"]
[Site "Aragon"]
[Date "2013.02.23"]
[Round "5.11"]
[White "Hernando Garcia, Antonio"]
[Black "Laliena Solanes, Luis M"]
[Result "1/2-1/2"]
[WhiteElo "2173"]
[BlackElo "2160"]
[PlyCount "66"]
[EventDate "2013.01.26"]
[EventType "team"]
[EventRounds "7"]
[EventCountry "ESP"]
[SourceTitle "EXT 2014"]
[Source "ChessBase"]
[SourceDate "2013.11.20"]
[SourceVersion "1"]
[SourceVersionDate "2013.11.20"]
[SourceQuality "1"]
[WhiteTeam "El Olivar"]
[BlackTeam "Aragon ONCE"]
[WhiteTeamCountry "ESP"]
[BlackTeamCountry "ESP"]

1. c4 e5 2. g3 Nf6 3. Bg2 Nc6 4. Nf3 Bc5 5. 0-0 d6 6. Nc3 0-0 7. a3 a6 8. b4 Ba7 9. Rb1 Bf5 10. d3 h6 11. a4 Qd7 12. b5 axb5 13. axb5 Nd4 14. Nxd4 Bxd4 15. Nd5 Nxd5 16. Bxd5 c6 17. bxc6 bxc6 18. Bf3 Ra6 19. Be3 Bh3 20. Re1 Bxe3 21. fxe3 Qa7 22. d4 f5 23. Ra1 e4 24. Bg2 Bxg2 25. Kxg2 Rb8 26. Rxa6 Qxa6 27. Qc2 Qa3 28. Qc1 Rb2 29. Kf2 Qb3 30. Qa1 Ra2 31. Qb1 Rb2 32. Qa1 Ra2 33. Qb1 Rb2 1/2-1/2

[Event "Aragon-chT Honor GrA"]
[Site "Aragon"]
[Date "2013.02.02"]
[Round "2.4"]
[White "Hernando Garcia, Antonio"]
[Black "Vasilev, Vas"]
[Result "1-0"]
[WhiteElo "2173"]
[BlackElo "1942"]
[PlyCount "89"]
[EventDate "2013.01.26"]
[EventType "team"]
[EventRounds "7"]
[EventCountry "ESP"]
[SourceTitle "EXT 2014"]
[Source "ChessBase"]
[SourceDate "2013.11.20"]
[SourceVersion "1"]
[SourceVersionDate "2013.11.20"]
[SourceQuality "1"]
[WhiteTeam "El Olivar"]
[BlackTeam "Caissa Hermanos Cortes"]
[WhiteTeamCountry "ESP"]
[BlackTeamCountry "ESP"]

1. Nf3 d5 2. c4 d4 3. b4 c5 4. bxc5 Nc6 5. d3 e5 6. g3 Bxc5 7. Bg2 Nf6 8. 0-0 0-0 9. Nbd2 h6 10. Nb3 Qd6 11. Nxc5 Qxc5 12. a4 e4 13. Ba3 Qh5 14. dxe4 Nxe4 15. Bxf8 Kxf8 16. Re1 Bg4 17. Qb3 Nc5 18. Qa3 b6 19. h3 Bxh3 20. Bxh3 Qxh3 21. a5 Nxa5 22. Nxd4 Nxc4 23. Qf3 Qc8 24. Rec1 Nd2 25. Qf4 Nde4 26. Nb3 Qb7 27. Nxc5 Nxc5 28. Rab1 Qe7 29. Qf3 Qe4 30. Qxe4 Nxe4 31. Ra1 Nc5 32. Ra3 Ke7 33. Rca1 a5 34. Rb1 Ra6 35. f3 Kd6 36. Kf2 b5 37. Rxb5 a4 38. Ke3 Kc6 39. Rb8 Rb6 40. Rxb6+ Kxb6 41. Kd4 Kb5 42. Kc3 Nb3 43. e4 Na5 44. Ra1 Kc5 45. Rxa4 1-0

[Event "Aragon-chT Honor Titulo"]
[Site "Aragon"]
[Date "2012.03.31"]
[Round "9.8"]
[White "Hernando Garcia, Antonio"]
[Black "Ramiro Ovejero, Juan Luis"]
[Result "0-1"]
[WhiteElo "2219"]
[BlackElo "2303"]
[PlyCount "140"]
[EventDate "2012.02.04"]
[EventType "team-tourn"]
[EventRounds "11"]
[EventCountry "ESP"]
[SourceTitle "EXT 2014"]
[Source "ChessBase"]
[SourceDate "2013.11.20"]
[SourceVersion "1"]
[SourceVersionDate "2013.11.20"]
[SourceQuality "1"]
[WhiteTeam "Olivar"]
[BlackTeam "Jaime Casas"]
[WhiteTeamCountry "ESP"]
[BlackTeamCountry "ESP"]

1. c4 e5 2. g3 Nf6 3. Bg2 c6 4. d4 e4 5. d5 cxd5 6. cxd5 Bc5 7. Nc3 e3 8. Bxe3 Bxe3 9. fxe3 d6 10. Qd4 0-0 11. Nf3 Re8 12. e4 Nbd7 13. 0-0 a6 14. Rac1 Qb6 15. Qxb6 Nxb6 16. Nd2 Bg4 17. Bf3 Bh3 18. Rfd1 Rac8 19. b3 Nfd7 20. Na4 Nxa4 21. bxa4 Ne5 22. a5 Bd7 23. Rb1 Bb5 24. Rdc1 g6 25. Kf2 Kf8 26. h4 h5 27. Ke1 Red8 28. Rxc8 Rxc8 29. a4 Bxa4 30. Rxb7 Rc1+ 31. Kf2 Rc2 32. Ke1 Bb5 33. Kd1 Rb2 34. Kc1 Rb4 35. Rb6 Ke7 36. Kc2 Nd7 37. Kc3 Ra4 38. Rb7 Kd8 39. Ra7 Rxa5 40. Nb3 Ra4 41. e3 Rc4+ 42. Kd2 Ne5 43. Bg2 Rc7 44. Rxc7 Kxc7 45. Kc3 Kb6 46. Bh3 a5 47. Nd4 Bd3 48. Bg2 Bc4 49. Nc2 Kc5 50. Na3 Bd3 51. Bh1 a4 52. Bg2 Nc4 53. Nxc4 Bxc4 54. Bf3 a3 55. g4 hxg4 56. Bxg4 a2 57. Kb2 Bd3 58. Bf3 Bb1 59. h5 gxh5 60. Bxh5 f6 61. Bf3 Kc4 62. Be2+ Bd3 63. Bf3 Bf1 64. Kxa2 Kd3 65. Kb3 Kxe3 66. Bh1 Bd3 67. Bg2 Bxe4 68. Bh3 Bxd5+ 69. Kb4 Be4 70. Bf1 d5 0-1